Japanese Diaspora - Top 10 Countries - Statistics

General Stats
  • This quiz has been taken 2,062 times
  • The average score is 8 of 10
Answer Stats
# Country % Correct
1.4 mil United States
99%
127 k China
98%
58 k South Korea
94%
109 k Canada
91%
63 k United Kingdom
91%
54 k Australia
86%
1.6 mil Brazil
86%
65 k Argentina
63%
100 k Peru
63%
120 k Philippines
59%
No matching quizzes found
Score Distribution
Percent of People with Each Score
Percentile by Number Answered
Your Score History
You have not taken this quiz